Quizzes
Events
Quiz Creation
Community
Videos
Private Events
Remove Ads
Sign In
Join for FREE
Feedback
Dark Mode
Quiz Categories
Sports
Geography
Music
Movies
Television
Just For Fun
Miscellaneous
History
Literature
Language
Science
Gaming
Entertainment
Religion
Holiday
For Kids
Quiz Lab
Recent
Popular Today
Quiz Kudos Today
Editor Picks
Curator Picks
Quizzes by...
Day
Popularity
Type
Ratings
Length
Year
Community
Subscriptions
Recent Discussions
Orange Saloon
Badges
Playlists
Quests
Create
Leaderboards
Showdown
Live 5
Trivia Bingo
Activity
Puzzle Library
Sporcle Events
Private Events
Virtual Trivia
Globe League
Become a Host
Pub Owners
SporcleCon
Opinionation
Our Games
Videos
Blog
Mobile Apps
Partnerships
Remove Ads and Go Orange
Feedback
Television
TV Characters
TV Show
Sitcom
Network
Friends
Reality Shows
Cast
South Park
Star Trek
The Simpsons
Doctor Who
Television
TV Characters
TV Show
Sitcom
Network
Friends
Reality Shows
Cast
South Park
Star Trek
The Simpsons
Doctor Who
Random Quiz
Search Sporcle
×
Quiz Lab
Quiz Lab
Television
Cast
Type in answers that appear in a list
Type in answers that appear in a list
Classic
Best Score? Go Orange.
Survivor Season by Cast Stats
Can you name the Survivor Season by Cast?
By
ralphwiggumfanz
2m
24 Questions
544 Plays
544 Plays
544 Plays
Comments
Comments
Give Quiz Kudos
Give Quiz Kudos
-
- Ratings
hide this ad
More Info
Forced Order
Answers have to be entered in order
Answers have to be entered in order
Random Order
Randomize order of answers
Randomize order of answers
Replay
Link that replays current quiz
Next Quiz
Link to next quiz in quiz playlist
You Got
0%
They Got
Avg Score
80%
Avg Friend Score
Upgrade to see
Score Distribution
Jump to the score distribution portion of the page
Score
0/24
Timer
02:00
0
Plays Today
Cast Members
Season
% Correct
Colleen Haskell and Kelly Wiglesworth
Borneo
85.7%
Rob Mariano and Phillip Sheppard
Redemption Island
85.5%
Peih-
Gee Law and Todd Herzog
China
84.7%
Amber Brkich and Shii-
Ann Huang
All Stars
84.4%
John Cochran and Sophie Clarke
South Pacific
84.2%
Russell Hantz and Brett Clouser
Samoa
83.8%
Ozzy Lusth and Becky Lee
Cook Islands
83.6%
Jon Dalton and Rupert Boneham
Pearl Islands
83.3%
Terry Deitz and Danielle DiLorenzo
Panama
82.4%
Yau-
Man Chan and Kenward 'Boo' Bernis
Fiji
82.4%
Crystal Cox and Jessica 'Sugar' Smith
Gabon
82.4%
Lex van den Berghe and Frank Garrison
Africa
82%
Cast Members
Season
% Correct
Amanda Kimmel and Parvati Shallow
Micronesia
82%
Matthew von Ertfelda and Rob Cesternino
Amazon
81.3%
Troy Robertson and Alicia Rosa
One World
80.4%
Jimmy Johnson and NaOnka Mixon
Nicaragua
80%
Taj Johnson-
George and Stephen Fishbach
Tocantins
79.6%
Twila Tanner and Eliza Orlins
Vanuatu
79.2%
Ian Rosenberger and Jennifer Lyon
Palau
78.7%
Colby Donaldson and Elisabeth Hasselbeck
Australian Outback
77.4%
Rafe Judkins and Gary Hogeboom
Guatemala
76.7%
Kathy Vavrick-
O'Brien and Neleh Dennis
Marquesas
76.7%
Candice Woodcock and Jerri Manthey
Heroes vs Villains
75.4%
Clay Jordan and Penny Ramsey
Thailand
73.7%
Quiz Playlist
Details
Report
Send in Message
Add To Playlist
More Info:
Name the season the cast member played in.
Classic:
Type in answers that appear in a list
Forced Order:
Answers have to be entered in order
Random Order:
Randomize order of answers
Last Updated: Feb 16, 2017
Quiz Scoreboard
CHALLENGE
Sign Up to Join the Scoreboard
Show All
Scores
Hide
Comments
May contain spoilers
Recently Published
Presidents Visiting Landmarks
by Hejman
History
7m
An Introduction to Baseball
by treessimontrees
Sports
5m
Movies - When Are They Set?
by FPL_Elf
Movies
5m
More to Explore
Quiz From the Vault
Featured Blog Post
Where Did the Easter Bunny Come From?
hide this ad
You Might Also Like...
Tags
Cast Quiz
season
Survivor
Today's Top Quizzes in Television
Browse Television
hide this ad
Today's Top Quizzes in Cast
Browse Cast
Top Contributed Quizzes in Television
1
One Piece Logic Puzzle
2
5-to-1: The Simpsons Families
3
Survivor Logic Puzzle: Heroes vs. Villains
4
5-to-1: Television Doctors
5
7-to-1: TV Show Settings
6
Survivor Seasons
7
5-to-1: Streaming Originals
8
Survivor Season by Logo
9
One Thing in Common: Television
10
TV Shows by First Names
Explore More
Trending Topics
Marvel
NBA
Disney
Kpop
Crossword
Harry Potter
Anime
Soccer
Pokémon
Country
WWE
The Office
Song
NFL
Puzzle
hide this ad
More By:
ralphwiggumfanz
Quiz
Plays
Rating
Category
Featured
Created
simpsons character by job
1,222
1.59
Television
Feb 27, 2010
simpsons characters from hints
619
1.25
Television
Feb 26, 2010
Survivor Season by Cast
544
4.00
Television
Dec 9, 2011
the simpson family
202
1.38
Television
Feb 27, 2010
famous pumpkins
147
Miscellaneous
Dec 10, 2011
Go to Creator's Profile
Score Distribution
Quiz Creator Spotlight
ralphwiggumfanz
Follow
Send a Message
Quizzes Created
-
Created Quiz Play Count
-
More By This Creator
Popular Quizzes Today
1
Find the US States - No Outlines Minefield
2
Find the Countries of Europe - No Outlines Minefield
3
The Countries of the World
4
Find the US States
5
Popular People in 1961
6
US States
7
Risky Map Clicking: Biggest States A-Z
8
1-10 Letter E Words III
More Television Quizzes
Find the Scrambled South Park Characters
Published
Trending Quizzes
Risky Map Clicking: Least Populous States A-Z
1-10 Letter G Words
1-10 Letter F Words
One Thing in Common: United Kingdom
Risky Map Clicking: Next State Alphabetically
Recently Updated
Leaping Animals
pecheneg
Reality TV Shows (A-Z)
bhenderson79
Rickey Henderson's Hall of Fame Teammates
pecheneg
Champions League XIs: Arsenal
pecheneg
Quick Pick: Celebrities in WWE's Hall of Fame
aduchscher
A-Z Keypad Blitz II
pecheneg
Multiple Oscar Actors
pecheneg
Mystery Phrase Blitz: Oscar 'Best Actors'
pecheneg
F. Scott Fitzgerald Novels
LTH
Pick 3 Villains
ddd62291
Trending Topics
NBA
Anime
Harry Potter
Marvel
Disney
Kpop
Crossword
Soccer
NFL
Song
The Office
WWE
Puzzle
Pokémon
Country
Your Account Isn't Verified!
In order to create a playlist on Sporcle, you need to verify the email address you used during registration. Go to your
Sporcle Settings
to finish the process.
Report this User
Report this user for behavior that violates our
Community Guidelines
.
Details:
Send Report
Go to the Sporcle.com Mobile Site →
Comments